| 000 | 00900nam a2200241 a 4500 | ||
|---|---|---|---|
| 999 |
_c412944 _d412944 |
||
| 003 | BLK | ||
| 005 | 20250722094051.0 | ||
| 008 | 210308b bu |||||r|||| 00| | bu d | ||
| 020 | _a9789542834540 | ||
| 040 | _aBLK | ||
| 041 |
_aBUL _cBUL |
||
| 080 |
_aШведска литература _b821.113.6 _x-31 _z821.113.6-31 |
||
| 100 |
_9452345 _aШулман, Алекс _eпърви автор |
||
| 139 |
_aШулман, Алекс _bШ 96 |
||
| 245 |
_aОцелелите _bРоман _cАлекс Шулман; прев. от швед. Стефка Кожухарова. |
||
| 257 | _aBGR | ||
| 260 |
_aСофия _bСиела Норма _c2021 _9217021 _n978-954-28- |
||
| 300 |
_a243 с. _c21 см |
||
| 380 | _aX | ||
| 700 |
_91206 _aКожухарова, Стефка Диянова _eпрев. от швед. |
||
| 942 |
_cKNG _n0 _s1 _015 |
||
| 944 |
_k30575 _lМартин Енчев |
||